Sailor Song - Gigi Perez - All Lyrics - Statistics

General Stats
  • This quiz has been taken 1,454 times
  • The average score is 252 of 313
Answer Stats
Answer % Correct
a
98%
Anne
98%
I
98%
Oh,
98%
the
98%
The
98%
like
97%
in
96%
And
95%
and
95%
me,
95%
me?"
95%
me
95%
you
95%
you,
95%
sailor?
94%
Hathaway
93%
kiss
93%
love
93%
my
93%
My
93%
on
93%
be
92%
her
92%
mouth
92%
do
91%
saw
90%
that
90%
That
90%
to
90%
when
90%
she
89%
She
89%
your
89%
but
88%
But
88%
can
88%
don't
88%
get
88%
go
88%
Looking
88%
then
88%
way
88%
right
87%
tell
87%
God,
86%
savior
86%
what's
86%
you're
86%
believe
85%
taste,
85%
thing
84%
won't
83%
flavor?
82%
rightest
81%
said
81%
things
81%
"Baby,
80%
baby,
80%
please
79%
would
79%
knees
78%
so
78%
see
75%
up
75%
we
75%
We
75%
you'd
75%
Begging,
74%
she's
73%
came
72%
hate
72%
mom
71%
of
71%
worried,
71%
all
70%
I'm
70%
is
69%
long
69%
sleep
69%
laugh
68%
makes
68%
says
68%
wait
68%
we're
68%
dirty,
67%
hit
67%
while
67%
forget
66%
getting
66%
kind
66%
nothing
66%
proud
66%
took
66%
wrong
66%
fingers
65%
out,
65%
out
65%
Laughing
63%
'cause
62%
coughed,
62%
coughed
62%
favor
61%
covered
60%
ever
60%
pen
58%
now
57%
know
56%
worked
54%
capture
53%
else
53%
other
53%
it
51%
tried
51%
about
49%
had
49%
this
47%
sting
46%
cat,
45%
I've
45%
mouse
45%
away
42%
gonna
42%
house
42%
forever
41%
spit
41%
run
40%
dripping
38%
venom
38%
inside
37%
until
37%
wanna
37%
been
36%
walls
36%
you've
36%
sit
33%
lately,
32%
off
29%
No matching quizzes found
Score Distribution
Percent of People with Each Score
Percentile by Number Answered
Your Score History
You have not taken this quiz